[Event "Alushta Caissa 1st"]
[Site "Alushta"]
[Date "2002.09.02"]
[Round "3"]
[White "Nikitin, Andrey"]
[Black "Khudiakov, Alexandr"]
[Result "1-0"]
[WhiteElo "2471"]
[BlackElo "2314"]
[PlyCount "51"]
[EventDate "2002.09.01"]
[EventType "tourn"]
[EventRounds "18"]
[EventCountry "UKR"]
[EventCategory "8"]
[SourceTitle "CBM 090 Extra"]
[Source "ChessBase"]
[SourceDate "2002.11.07"]
[SourceVersion "1"]
[SourceVersionDate "2002.11.07"]
[SourceQuality "1"]

1. d4 d5 2. c4 e6 3. Nc3 Nf6 4. Nf3 dxc4 5. Bg5 Bb4 6. e4 c5 7. Bxc4 cxd4 8. Nxd4 Bxc3+ 9. bxc3 Qa5 10. Bb5+ Bd7 11. Bxf6 gxf6 12. Qb3 a6 13. Be2 Nc6 14. 0-0 Qc7 15. Rab1 Na5 16. Qa3 Rc8 17. Rfd1 Qxc3 18. Qd6 Qc7 19. Nf5 exf5 20. Qxf6 Rg8 21. Bh5 Rg6 22. Qh8+ Ke7 23. Qxh7 Qc6 24. Rxd7+ Qxd7 25. Bxg6 Rf8 26. Bxf5 1-0

[Event "Alushta Caissa 1st"]
[Site "Alushta"]
[Date "2002.09.01"]
[Round "1"]
[White "Kayumov, Dimitry"]
[Black "Khudiakov, Alexandr"]
[Result "1-0"]
[WhiteElo "2460"]
[BlackElo "2314"]
[PlyCount "61"]
[EventDate "2002.09.01"]
[EventType "tourn"]
[EventRounds "18"]
[EventCountry "UKR"]
[EventCategory "8"]
[SourceTitle "CBM 090 Extra"]
[Source "ChessBase"]
[SourceDate "2002.11.07"]
[SourceVersion "1"]
[SourceVersionDate "2002.11.07"]
[SourceQuality "1"]

1. e4 e6 2. d4 d5 3. Nc3 dxe4 4. Nxe4 Nd7 5. Nf3 Ngf6 6. Nxf6+ Nxf6 7. c3 c5 8. Be3 Qc7 9. Ne5 a6 10. Qa4+ Nd7 11. 0-0-0 Rb8 12. dxc5 Qxe5 13. Bf4 Qxc5 14. Bxb8 b5 15. Qf4 Be7 16. Qc7 h5 17. Be2 h4 18. Bf3 Qg5+ 19. Rd2 0-0 20. Ba7 Nc5 21. Rhd1 Kh8 22. Be2 Re8 23. f4 Qf5 24. g4 hxg3 25. hxg3 g5 26. Bf3 Ne4 27. Bd4+ f6 28. Rh1+ Kg8 29. Rdh2 Nxg3 30. Rh8+ Kg7 31. Rxe8 1-0